Introduction to technical mathematics

Đã lưu trong:
Chi tiết về thư mục
Tác giả chính: Washington, Allyn J (Tác giả)
Định dạng: Sách
Ngôn ngữ:Tiếng Anh
Được phát hành: Menlo Park Cummings Publishing 1969
Những chủ đề:
Các nhãn: Thêm thẻ
Không có thẻ, Là người đầu tiên thẻ bản ghi này!

MARC

LEADER 00000nam a2200000 a 4500
001 UCQ8569
003 CL-VaPUC
008 981210e19690000US |||||||||||||||||eng|d
082 0 4 |a 510  |b WAS  |2 21 
100 0 |a Washington, Allyn J  |e author  |9 422596 
245 1 0 |a Introduction to technical mathematics 
300 |a 464 p 
942 |c BK 
945 |d 19981210 00:00:00  |a cmena 
260 |a Menlo Park  |b Cummings Publishing  |c 1969 
650 0 |a Matemática  |9 260235 
650 0 |a Aritmética   |9 270049 
650 0 |a Álgebra  |9 259567 
650 0 |a Ecuaciones  |9 260137 
650 0 |a Geometría   |9 264063 
650 7 |a OPERACIONES ALGEBRAICAS  |2 CL-VaPUC  |9 422597 
650 0 |a Fracciones  |9 316607 
650 0 |a Logaritmos  |9 260266 
650 0 |a Grafos  |9 344754 
650 0 |a Trigonometría   |9 259568 
583 |a last modification  |c 19981210 00:00:00  |k Rodrigo Vera 
999 |c 277789  |d 277787 
952 |0 0  |1 0  |4 0  |6 510_000000000000000_WAS_1969  |7 0  |8 A  |9 315992  |a BIBMAT  |b BIBMAT  |d 2019-11-20  |i 1306995  |o 510 WAS 1969  |p 1306995  |r 2025-01-07  |w 2019-11-20  |y BK  |k MAT